000 00341nam a22001337a 4500
020 _a978-8122434415
041 _aENG
100 _aAgrawal.A.N
245 _aIndian Economy Problems Of Development & Planning
260 _aNew Delhi
_bWishwa Prakashan
_c2001
300 _a744
650 _aAgricultural
856 _uAgricultural ( 19 )
999 _c2191
_d2191